Länder Flagge + Umriss Diashow #1 - Statistiken

Allgemein
  • Dieses Quiz wurde 7.450 mal gespielt
  • Das Durchschnittsergebnis liegt bei 9 aus 12
Antwortstatistiken
Antwort % Korrekt
Ukraine
95%
Georgien
91%
Saudi-Arabien
90%
Bosnien und Herzegowina
89%
Algerien
83%
Bhutan
76%
Demokratische Republik Kongo
74%
Andorra
71%
Papua-Neuguinea
70%
Trinidad und Tobago
61%
Nicaragua
54%
Nauru
46%
Keine übereinstimmenden Quizze gefunden
Verteilung der Resultate
Anzahl Personen mit jedem Resultat
Perzentil nach korrekt beantworteten Fragen
Ihre Resultats-Entwicklung
Sie haben dieses Quiz noch nicht gespielt